BSOP header

Harper's encyclopedia of Bible life : (Record no. 2923)

MARC details
000 -LEADER
fixed length control field 00623nam a2200169 4500
008 - FIXED-LENGTH DATA ELEMENTS--GENERAL INFORMATION
fixed length control field 010815s1978 us engYA
020 ## - INTERNATIONAL STANDARD BOOK NUMBER
International Standard Book Number 0060656778
090 ## - LOCALLY ASSIGNED LC-TYPE CALL NUMBER (OCLC); LOCAL CALL NUMBER (OCLC)
Classification number (OCLC) (R) ; Classification number, CALL (RLIN) (NR) BS440
Local cutter number (OCLC) ; Book number/undivided call number, CALL (RLIN) M61h
100 1# - MAIN ENTRY--PERSONAL NAME
Personal name Miller, Madeleine Sweeny,
Dates associated with a name 1890-1976
245 10 - TITLE STATEMENT
Title Harper's encyclopedia of Bible life :
Remainder of title the complete resource on how people lived and worked in biblical times /
Statement of responsibility, etc Madeleine Sweeny Miller.
250 ## - EDITION STATEMENT
Edition statement 3rd ed.
260 ## - PUBLICATION, DISTRIBUTION, ETC. (IMPRINT)
Place of publication, distribution, etc New York :
Name of publisher, distributor, etc HarperCollins,
Date of publication, distribution, etc c1978.
300 ## - PHYSICAL DESCRIPTION
Extent 423 p. :
Other physical details ill.
650 #4 - SUBJECT ADDED ENTRY--TOPICAL TERM
Topical term or geographic name as entry element Bible
General subdivision Dictionaries
650 #4 - SUBJECT ADDED ENTRY--TOPICAL TERM
Topical term or geographic name as entry element Bible
General subdivision Manners and customs.
951 ## - EQUIVALENCE OR CROSS-REFERENCE-GEOGRAPHIC NAME/AREA NAME [OBSOLETE] [CAN/MARC only]
-- 10288
-- BS440/M61h
-- 070613110945312
-- 2000-12-21
-- REF
Holdings
Withdrawn status Lost status Damaged status Not for loan Home library Current library Shelving location Date acquired Accession number Shelving control number Total Checkouts Full call number Date last seen Price effective from Koha item type
        BSOP Library BSOP Library Reference 12/21/2000 10288 127   BS440/M61h 02/23/2013 02/23/2013 Books
BSOP

Biblical Seminary of the Philippines
  All rights Reserved
  © 2024

CONTACT INFORMATION

Biblical Seminary of the Philippines,
  77-B Karuhatan Road, Valenzuela City,
  PHILIPPINES 1441
  Phone: +632 8292-6795 / 8292-6798
  Fax : +632 8292-6675
  Email: library@bsop.edu.ph